000 00344 a2200169 4500
001 60649
020 _a852623224X
040 _cAnchieta - Pituba
100 _aCarril, Lourdes
240 1 0 _aTerras de negros
_lpor
245 1 0 _aTerras de negros
300 _a71
362 0 _a1997
440 1 _aScipione
650 4 _aBrasil
942 _cBK
999 _c60649
_d60649